Score 0/15 Timer 02:00
0 Plays Today
Question Answer Wrong Answers
Best friends with Lamar Davis Franklin Clinton
87.9%
Michael De Santa
5.1%
Trevor Philips
4%
Was not a part of the heist in North Yankton Franklin Clinton
84.8%
Michael De Santa
3%
Trevor Philips
10.1%
Repossessed cars for Simeon Yetarian Franklin Clinton
84.8%
Michael De Santa
12.1%
Trevor Philips
2%
Has a dog named Chop Franklin Clinton
82.8%
Michael De Santa
4%
Trevor Philips
8.1%
Faked his death with help from Dave Norton Michael De Santa
81.8%
Franklin Clinton
10.1%
Trevor Philips
6.1%
Special Ability allows him to drive more easily Franklin Clinton
81.8%
Michael De Santa
9.1%
Trevor Philips
4%
Has a (known) son and daughter Michael De Santa
80.8%
Franklin Clinton
12.1%
Trevor Philips
3%
Special Ability grants him invulnerability Trevor Philips
79.8%
Franklin Clinton
10.1%
Michael De Santa
7.1%
Blew up the O'Neil ranch Trevor Philips
78.8%
Franklin Clinton
13.1%
Michael De Santa
4%
Worked with Solomon Richards to produce a movie Michael De Santa
78.8%
Franklin Clinton
11.1%
Trevor Philips
6.1%
Kidnapped Martin Madrazo's wife Patricia Trevor Philips
71.7%
Franklin Clinton
15.2%
Michael De Santa
10.1%
Lives in Sandy Shores Trevor Philips
70.7%
Franklin Clinton
10.1%
Michael De Santa
15.2%
Owns the strip club Vanilla Unicorn Trevor Philips
68.7%
Franklin Clinton
15.2%
Michael De Santa
12.1%
Special Ability allows him to shoot more easily Michael De Santa
66.7%
Franklin Clinton
16.2%
Trevor Philips
13.1%
Infiltrated a morgue Michael De Santa
61.6%
Franklin Clinton
19.2%
Trevor Philips
15.2%

You're not logged in!

Compare scores with friends on all Sporcle quizzes.
OR
Log In

Sporcle TV

Today on Sporcle TV


Watch our educational content, quiz creation guides, and fun videos on Sporcle TV.

Show Comments

Extras

Top Quizzes Today


Score Distribution

Paid Content

Your Account Isn't Verified!

In order to create a playlist on Sporcle, you need to verify the email address you used during registration. Go to your Sporcle Settings to finish the process.

Report this User

Report this user for behavior that violates our Community Guidelines.

Details: